| 000 | 00392nam a2200169Ia 4500 | ||
|---|---|---|---|
| 008 | 210210b1947 xxu||||| |||| 00| 0 eng d | ||
| 041 | _aeng | ||
| 082 | _a822/840 | ||
| 100 | _aMIDDLETON (R D) | ||
| 245 | _aNewman and bloxam | ||
| 260 |
_aLondon _bOxford University Press _c1947 |
||
| 650 | _aNewman | ||
| 650 | _abloxam | ||
| 650 | _aand | ||
| 690 | _aEnglish Prose | ||
| 906 | _a013024 | ||
| 999 |
_c131858 _d131858 |
||